000 01162cam a22002531i 4500
003 OSt
005 20260221141114.0
008 260123q19001999ua g 000 0 ara c
040 _aSA-JeALM
_bara
_cSA-RiAUC
_erda
082 0 4 _a922.58
_qSA-RiAUC
090 _aم ن 922.58
_bع ب د ح
100 1 _aعبد الحميد قدس، عبد الحميد بن محمد علي قدس بن عبد القادر،
_d1280-1335 هجري
_eمؤلف.
245 1 0 _aكنز العطا في ترجمة السيد بكرى شطا /
_cعبد الحميد قدس.
264 1 _aمصر :
_b[الناشر غير محدد]،‏
_c[بين 1900 و1999]
264 3 _a[مكان الطبع غير محدد] :
_bالمطبعة الحسينية لأحمد كراره
300 _a34 صفحة ؛
_c29 سم
336 _aنص
_btxt
_2rdacontent
_3كتاب
337 _aبدون وسيط
_bn
_2rdamedia
338 _aمجلد
_bnc
_2rdacarrier
600 1 7 _aالبكري، عثمان بن محمد شطا الدمياطي،
_dتوفي بعد 1302 هجري
_2aucnm
650 7 _aالفقهاء
_vتراجم
_2aucsh
942 _2ddc
_cRBOOK COPY
_n0
949 _aSA-JeALM
_d260123
_umohamedma123
_n1
999 _c14453
_d14453